Ervin Gábor emlékezete Ervin Gábor bölcseleti munkái : fejezet a magyar neotomizmus történetéből
Elmentve itt :
| További közreműködők: | |
|---|---|
| Adatforrás: | Philobibl |
| Dokumentumtípus: | Könyv |
| Nyelv: | magyar |
| Kulcsszavak: | Ervin Gábor valláserkölcs neotomizmus katolikus egyház |
| Megjelent: |
Budapest
L'Harmattan
2012
|
| Online elérés: | előfizetéssel hozzáférhető |
| LEADER | 00717nam a2200169 c 4500 | ||
|---|---|---|---|
| 001 | bibMOK01286696 | ||
| 005 | 20221124092703.4 | ||
| 008 | 130218s2012 hu aco b 110 0dhun d | ||
| 245 | 0 | 0 | |a Ervin Gábor emlékezete |b Ervin Gábor bölcseleti munkái : fejezet a magyar neotomizmus történetéből |c szerk. Frenyó Zoltán |
| 260 | |a Budapest |b L'Harmattan |c 2012 | ||
| 300 | |a 367, [1] p. |b ill. |c 23 cm | ||
| 695 | |a Ervin Gábor | ||
| 695 | |a valláserkölcs | ||
| 695 | |a neotomizmus | ||
| 695 | |a katolikus egyház | ||
| 700 | 1 | |a Frenyó Zoltán | |
| 856 | 2 | |3 Full text |u https://www.szaktars.hu/harmattan/view/ervin-gabor-emlekezete-ervin-gabor-bolcseleti-munkai-fejezet-a-magyar-neotomizmus-tortenetebol/ |z előfizetéssel hozzáférhető | |